Základy sociální psychologie

Guardado en:
Detalles Bibliográficos
Autor principal: Hayesová, Nicky
Otros Autores: Štěpaníková, Irena
Formato: Libro
Lenguaje:checo
Publicado: Praha Portál 2007
Edición:4. vyd.
Materias:
Etiquetas: Agregar Etiqueta
Sin Etiquetas, Sea el primero en etiquetar este registro!

MARC

LEADER 00000nam$a2200000$$$4500
001 0094911
005 20240313090628.5
020 |a 978-80-7367-283-6 
041 0 |a cze 
044 |a CZ 
245 1 0 |a Základy sociální psychologie  |c Nicky Hayesová ; přeložila: Irena Štěpaníková 
250 |a 4. vyd. 
264 1 |a Praha  |b Portál  |c 2007 
300 |a 166 s. 
610 2 0 |a psychológia sociálna 
610 2 0 |a interakcia sociálna 
610 2 0 |a komunikácia 
610 2 0 |a vzťahy medziľudské 
610 2 0 |a konflikty 
100 1 |a Hayesová, Nicky 
700 1 |a Štěpaníková, Irena